| 000 | 00345nam a2200133Ia 4500 | ||
|---|---|---|---|
| 005 | 20260328101439.0 | ||
| 008 | 260328s9999||||xx |||||||||||||| ||und|| | ||
| 100 | _aTaniguchi, Yoshio | ||
| 245 | 4 |
_aThe Architecture of Yoshio Taniguchi / _cYoshio Taniguchi |
|
| 260 | _bHarry N. Abrams | ||
| 300 | _a282 p. | ||
| 650 | _aARQUITECTOS | ||
| 942 | _cBK | ||
| 999 |
_c8210 _d8210 |
||